| 000 | 00570nam a22001817a 4500 | ||
|---|---|---|---|
| 003 | PILC | ||
| 005 | 20160205144619.0 | ||
| 008 | 140109b xxu||||| |||| 00| 0 eng d | ||
| 020 | _a9781849208055 | ||
| 050 |
_aBF 636.6 _b.M385 2010 |
||
| 100 | _aMcLeod, John. | ||
| 245 |
_aCase study research in counselling and psychotherapy / _bJohn McLeod. |
||
| 260 |
_aSingapore : _bMPG Books Group, Bodmin, Cornwall, _c2010. |
||
| 300 |
_a252 pages ; _c24 cm. |
||
| 500 | _aIncludes bibliographical references and indexes. | ||
| 942 |
_2lcc _cBK _kFOR |
||
| 999 |
_c39806 _d39806 |
||